Sāhityamālika. (Record no. 68607)

MARC details
000 -LEADER
fixed length control field 00558cam a22002291 4500
001 - CONTROL NUMBER
control field sa 66002927
003 - CONTROL NUMBER IDENTIFIER
control field DLC
005 - DATE AND TIME OF LATEST TRANSACTION
control field 20260227112232.0
008 - FIXED-LENGTH DATA ELEMENTS--GENERAL INFORMATION
fixed length control field 900130s1962 ii 000 0 malo
010 ## - LIBRARY OF CONGRESS CONTROL NUMBER
LC control number sa 66002927
035 ## - SYSTEM CONTROL NUMBER
System control number (OCoLC)20974565
040 ## - CATALOGING SOURCE
Original cataloging agency DLC
Transcribing agency WaU
Modifying agency DLC
042 ## - AUTHENTICATION CODE
Authentication code premarc
050 00 - LIBRARY OF CONGRESS CALL NUMBER
Classification number PK2905
Item number .K78 1962
100 2# - MAIN ENTRY--PERSONAL NAME
Personal name Kunjan Pillai, Elamkulam,
Dates associated with a name 1904-
245 10 - TITLE STATEMENT
Title Sāhityamālika.
250 ## - EDITION STATEMENT
Edition statement [Rev. 4th ed.]
260 ## - PUBLICATION, DISTRIBUTION, ETC.
Date of publication, distribution, etc. [1962]
300 ## - PHYSICAL DESCRIPTION
Extent 177 p.
Dimensions 19 cm.
500 ## - GENERAL NOTE
General note In Malayalam.
650 #0 - SUBJECT ADDED ENTRY--TOPICAL TERM
Topical term or geographic name entry element Indic literature.

No items available.

Powered by Koha